| 000 | 00433nam a2200157 i 4500 | ||
|---|---|---|---|
| 001 | 23652 | ||
| 003 | ES-MaACL | ||
| 005 | 20230906152918.0 | ||
| 007 | t| | ||
| 008 | 021211s1949 mx ||||1| spa d | ||
| 100 | 1 |
_aAnda, María Elena de. _921419 |
|
| 245 | 1 | 0 |
_aCanto a Iberoamérica / _cMaría Elena de Anda. |
| 260 |
_aPuebla [México] : _b[s.n.], _c1949. |
||
| 300 |
_a20 p. ; _c20 cm. |
||
| 852 |
_aES-MaACL _j1924-F-13 _bR.29914 |
||
| 999 |
_c23652 _d23652 |
||